The myth of Dato' Onn Jaafar : (Record no. 4987)

000 -LEADER
fixed length control field 00672nam a2200205 a 4500
005 - DATE AND TIME OF LATEST TRANSACTION
control field 20230511105951.0
008 - FIXED-LENGTH DATA ELEMENTS--GENERAL INFORMATION
fixed length control field 230511t2011 my ||||| |||| 00| 0 eng d
020 ## - INTERNATIONAL STANDARD BOOK NUMBER
International Standard Book Number 9789839941777
040 ## - CATALOGING SOURCE
Original cataloging agency AKMAL
082 ## - DEWEY DECIMAL CLASSIFICATION NUMBER
Classification number 923.2595 PAR
090 ## - LOCALLY ASSIGNED LC-TYPE CALL NUMBER (OCLC); LOCAL CALL NUMBER (RLIN)
Classification number (OCLC) (R) ; Classification number, CALL (RLIN) (NR) 923.2595
Local cutter number (OCLC) ; Book number/undivided call number, CALL (RLIN) PAR
100 ## - MAIN ENTRY--PERSONAL NAME
Personal name Paridah, Abd Samad
9 (RLIN) 9554
245 ## - TITLE STATEMENT
Title The myth of Dato' Onn Jaafar :
Remainder of title the forgotten hero /
Statement of responsibility, etc. Paridah Abd. Samad
260 ## - PUBLICATION, DISTRIBUTION, ETC.
Place of publication, distribution, etc. Kuala Lumpur :
Name of publisher, distributor, etc. Partisan Publication & Distribution,
Date of publication, distribution, etc. 2011
300 ## - PHYSICAL DESCRIPTION
Extent 345p. :
Other physical details ill. ;
Dimensions 24cm
650 ## - SUBJECT ADDED ENTRY--TOPICAL TERM
Topical term or geographic name entry element Onn Jaafar, Dato', 1895-1962
9 (RLIN) 9555
650 ## - SUBJECT ADDED ENTRY--TOPICAL TERM
Topical term or geographic name entry element Politicians
General subdivision Biography
Geographic subdivision Malaysia
9 (RLIN) 9556
650 ## - SUBJECT ADDED ENTRY--TOPICAL TERM
Topical term or geographic name entry element Malaysia
General subdivision Politics and government
942 ## - ADDED ENTRY ELEMENTS (KOHA)
Source of classification or shelving scheme
Koha item type Book
Holdings
Withdrawn status Lost status Source of classification or shelving scheme Damaged status Not for loan Collection code Home library Current library Shelving location Date acquired Inventory number Total Checkouts Full call number Barcode Date last seen Price effective from Koha item type
          NON-FICTION AKMAL Melaka AKMAL Melaka PINJAMAN 11.05.2023 011543   923.2595 PAR 201708207 11.05.2023 11.05.2023 Book
Pusat Sumber Maklumat Dato' Haji Sarmin Md Hussin, Akademi Kastam Diraja Malaysia, Melaka
Tel: 06-2331106 | Faks: 06-2313787